000 00312nam a2200145Ia 4500
008 230605s2000 xx 000 0 und d
041 _aeng
245 _aStrategic Management
260 _bZerox Copy
_c2000
300 _a41
365 _b36.96
500 _a260
520 _aGeneral
650 _aSTRATEGIC
999 _c418235
_d418235